Entry Nombre personal
001 - NÚMERO DE CONTROL
- campo de control: 44545
003 - IDENTIFICADOR DE NÚMERO DE CONTROL
- campo de control: SpMaBN
005 - FECHA Y HORA DE LA ÚLTIMA TRANSACCIÓN
- campo de control: 20231205193235.0
008 - ELEMENTOS DE DATO DE LONGITUD-FIJA
- campo de control de longitud fija: 901120nn aijnnaabn a aaa
016 ## - NÚMERO DE CONTROL DE UNA AGENCIA BIBLIOGRÁFICA NACIONAL
- Número de control del registro: BNE19900046381
024 7# - IDENTIFICADOR DE OTROS ESTÁNDARES
- Número estándar o código: http://viaf.org/viaf/109725237/
- Fuente: viaf
024 8# - IDENTIFICADOR DE OTROS ESTÁNDARES
- Número estándar o código: https://data.cervantesvirtual.com/person/7327
024 7# - IDENTIFICADOR DE OTROS ESTÁNDARES
- Número estándar o código: https://isni.org/isni/0000000121474828
- Fuente: isni
024 7# - IDENTIFICADOR DE OTROS ESTÁNDARES
- Número estándar o código: http://www.wikidata.org/entity/Q382815
- Fuente: wikidata
040 ## - FUENTE DE CATALOGACIÓN
- Centro catalogador/agencia de origen: SpMaBN
- Lengua de catalogación: spa
- Centro/agencia transcriptor: SpMaBN
- Normas de descripción: rdc
- Convención/Normas de encabezamiento de materia/tesauro: embne
046 ## - FECHAS CON CODIFICACIÓN ESPECIAL
- Fecha de nacimiento: 1896
- Fecha de la muerte: 1987
100 1# - ENCABEZAMIENTO-NOMBRE DE PERSONA
- Nombre de persona: Diego, Gerardo,
- Fechas asociadas al nombre: 1896-1987
368 ## - OTROS ATRIBUTOS DE PERSONA O ENTIDAD CORPORATIVA
- Otra designación: Premio Cervantes
- Período de inicio: (1979)
370 ## - LUGAR ASOCIADO
- Lugar de nacimiento: Santander, Cantabria, España
- Fuente del término: embne
- Fuente de información: (Wikidata)
- Número de control del registro de autoridad o número normalizado: XX450570
370 ## - LUGAR ASOCIADO
- Lugar de fallecimiento: Madrid, España
- Fuente del término: embne
372 ## - CAMPO DE ACTIVIDAD
- Campo de actividad: Poesías
- Fuente del término: tgfbne
372 ## - CAMPO DE ACTIVIDAD
- Campo de actividad: Crítica literaria
- Fuente del término: embne
373 ## - GRUPO ASOCIADO
- Grupo asociado: Real Academia Española
- Fuente de información: Wikidata
373 ## - GRUPO ASOCIADO
- Grupo asociado: Ateneo de Madrid
- Fuente de información: Ateneístas ilustres I (2004); Olmos, Víctor. Ágora de la libertad: historia del Ateneo de Madrid (2018-2019)
374 ## - OCUPACIÓN
- Ocupación: Escritores
- Ocupación: Críticos literarios
- Fuente del término: embne
375 ## - GÉNERO/SEXO
- Género: Masculino
377 ## - IDIOMA ASOCIADO
- Código del idioma: spa
- Término de lengua/lenguaje: Español
400 1# - TRAZADO DE VÉASE--NOMBRE DE PERSONA
- Nombre de persona: Diego Cendoya, Gerardo,
- Fechas asociadas al nombre: 1896-1987
400 1# - TRAZADO DE VÉASE--NOMBRE DE PERSONA
- Nombre de persona: Diego de Cendoya, Gerardo,
- Fechas asociadas al nombre: 1896-1987
670 ## - FUENTE DE DATOS ENCONTRADOS
- Cita de la fuente: Manual de espumas, 1986
- Información encontrada: port. (Gerardo Diego)
670 ## - FUENTE DE DATOS ENCONTRADOS
- Cita de la fuente: Dic. enc. Espasa
- Información encontrada: (Diego de Cendoya, Gerardo; poeta y crítico; n. en Santander y m. en Madrid (1896-1987))
670 ## - FUENTE DE DATOS ENCONTRADOS
- Cita de la fuente: Dic. de literatura española e hispanoamericana, 1993
- Información encontrada: (Diego, Gerardo (Santander, 1896-Madrid, 1987); premio Cervantes en 1979)
670 ## - FUENTE DE DATOS ENCONTRADOS
- Cita de la fuente: WWW BN España aut., 05/06/2023
- Información encontrada: (Diego, Gerardo, 1896-1987)
678 ## - DATOS BIOGRÁFICOS O HISTÓRICOS
- Datos biográficos o históricos: Socio del Ateneo de Madrid. Vocal del Ateneo en 1963-74
- Ampliación de la nota: Fuente: Ateneístas ilustres I (2004); Olmos, Víctor. Ágora de la libertad: historia del Ateneo de Madrid (2018-2019)
856 4# - LOCALIZACIÓN Y ACCESO ELECTRÓNICOS
- Identificador Uniforme de Recursos: http://es.wikipedia.org/wiki/Gerardo_Diego
856 4# - LOCALIZACIÓN Y ACCESO ELECTRÓNICOS
- Identificador Uniforme de Recursos: http://dialnet.unirioja.es/servlet/autor?codigo=51252
